1989: refugiados centroamericanos /
Gorde:
| Egile korporatiboa: | , |
|---|---|
| Formatua: | Texto |
| Argitaratua: |
San José:
Hemispheric Migration Project. CSUCA
|
| Etiketak: |
Etiketa erantsi
Etiketarik gabe, Izan zaitez lehena erregistro honi etiketa jartzen!
|
MARC
| LEADER | 00000 a a2200000 04500 | ||
|---|---|---|---|
| 001 | 21236 | ||
| 003 | |||
| 040 | |||
| 090 | |a 092700 | ||
| 110 | |a Hemispheric Migration Project | ||
| 245 | |a 1989: refugiados centroamericanos / |c Hemispheric Migration Project | ||
| 260 | |a San José: |b Hemispheric Migration Project. CSUCA | ||
| 300 | |a 93 p. | ||
| 710 | |a CSUCA | ||
| 999 | |c 15819 |d 15819 | ||
